GETS Theological Seminary Library

中華基督教本色化論文集 (Record no. 18821)

MARC details
000 -LEADER
fixed length control field 00663nam a2200217Ia 4500
008 - FIXED-LENGTH DATA ELEMENTS--GENERAL INFORMATION
fixed length control field 200825s9999||||xx |||||||||||||| ||und||
020 ## - INTERNATIONAL STANDARD BOOK NUMBER
International Standard Book Number 9577273041
020 ## - INTERNATIONAL STANDARD BOOK NUMBER
International Standard Book Number 9789577273048
041 ## - LANGUAGE CODE
Language code of text/sound track or separate title chi
050 ## - LIBRARY OF CONGRESS CALL NUMBER
Classification number BR1285
Item number .Y364 2006
100 ## - MAIN ENTRY--PERSONAL NAME
Personal name 楊森富
245 #0 - TITLE STATEMENT
Title 中華基督教本色化論文集
Remainder of title /
Statement of responsibility, etc. 楊森富
246 ## - VARYING FORM OF TITLE
Title proper/short title 中华基督教本色化论文集
Remainder of title /
260 ## - PUBLICATION, DISTRIBUTION, ETC.
Place of publication, distribution, etc. 台北 :
Name of publisher, distributor, etc. 基督教宇宙光全人關懷機構,
Date of publication, distribution, etc. 2006
300 ## - PHYSICAL DESCRIPTION
Extent 188 p.
Other physical details ;
Dimensions 21 cm.
490 ## - SERIES STATEMENT
Series statement 馬禮遜入華宣教200年紀念文集
Volume/sequential designation v. 26
650 ## - SUBJECT ADDED ENTRY--TOPICAL TERM
Topical term or geographic name entry element Catholic Church China History.
650 ## - SUBJECT ADDED ENTRY--TOPICAL TERM
Topical term or geographic name entry element Christianity China.
650 ## - SUBJECT ADDED ENTRY--TOPICAL TERM
Topical term or geographic name entry element Christianity.
Holdings
Withdrawn status Lost status Damaged status Not for loan Home library Current library Shelving location Date acquired Total Checkouts Full call number Barcode Date last seen Price effective from Koha item type
        GETS Theological Seminary Library GETS Theological Seminary Library General Stacks 08/25/2020   BR1285 .Y364 2006 00006177 08/25/2020 08/25/2020 Chinese Book
OpacCredits

Contact the Librarian, GETS Library
Email: library@mygets.org









Implemented by GETS Library
(Powered by ETCA Professional Group)
GETS Theological Seminary
412 E. Rowland Street, CA 91723